|
|
|
|
| LEADER |
02762nam a2200673 4500 |
| 001 |
ocn886894825 |
| 003 |
OCoLC |
| 005 |
20170124070648.1 |
| 006 |
m o d |
| 007 |
cr cnu---unuuu |
| 008 |
140814s2014 enka ob 001 0 eng d |
| 040 |
|
|
|a N$T
|b eng
|e rda
|e pn
|c N$T
|d YDXCP
|d DG1
|d E7B
|d NHM
|d OCLCF
|d UMI
|d OCLCO
|d DEBBG
|d COO
|d OCLCO
|d OCLCQ
|d OCLCO
|d GrThAP
|
| 019 |
|
|
|a 908649783
|
| 020 |
|
|
|a 9781118999554
|q (electronic bk.)
|
| 020 |
|
|
|a 111899955X
|q (electronic bk.)
|
| 020 |
|
|
|a 9781118999561
|q (electronic bk.)
|
| 020 |
|
|
|a 1118999568
|q (electronic bk.)
|
| 020 |
|
|
|a 9781118999578
|
| 020 |
|
|
|a 1118999576
|
| 020 |
|
|
|z 9781848216402
|
| 020 |
|
|
|z 1848216408
|
| 029 |
1 |
|
|a AU@
|b 000053548380
|
| 029 |
1 |
|
|a CHBIS
|b 010259754
|
| 029 |
1 |
|
|a CHVBK
|b 325943060
|
| 029 |
1 |
|
|a DEBBG
|b BV042683288
|
| 029 |
1 |
|
|a DEBSZ
|b 446584924
|
| 029 |
1 |
|
|a DEBBG
|b BV043397049
|
| 035 |
|
|
|a (OCoLC)886894825
|z (OCoLC)908649783
|
| 037 |
|
|
|a CL0500000585
|b Safari Books Online
|
| 041 |
0 |
|
|a eng
|h fre
|
| 050 |
|
4 |
|a TK5102.9
|b .B5513 2014e
|
| 072 |
|
7 |
|a TEC
|x 009070
|2 bisacsh
|
| 082 |
0 |
4 |
|a 621.3822
|2 22
|
| 049 |
|
|
|a MAIN
|
| 100 |
1 |
|
|a Blanchet, Gerard,
|e author.
|
| 240 |
1 |
0 |
|a Signaux et images sous Matlab.
|l English
|
| 245 |
1 |
0 |
|a Digital signal and image processing using MATLAB®.
|n Volume 1,
|p Fundamentals /
|c Gérard Blanchet, Maurice Charbit.
|
| 246 |
3 |
0 |
|a Fundamentals
|
| 250 |
|
|
|a Revised and updated 2nd edition.
|
| 264 |
|
1 |
|a London :
|b ISTE Ltd ;
|a Hoboken, NJ :
|b John Wiley & Sons, Inc.,
|c 2014.
|
| 300 |
|
|
|a 1 online resource (1 volume) :
|b illustrations.
|
| 336 |
|
|
|a text
|b txt
|2 rdacontent
|
| 337 |
|
|
|a computer
|b c
|2 rdamedia
|
| 338 |
|
|
|a online resource
|b cr
|2 rdacarrier
|
| 490 |
1 |
|
|a Digital signal and image processing series
|
| 504 |
|
|
|a Includes bibliographical references and index.
|
| 588 |
0 |
|
|a Online resource; title from e-book title screen (Wiley platform, viewed November 24, 2014).
|
| 630 |
0 |
0 |
|a MATLAB.
|
| 630 |
0 |
7 |
|a MATLAB.
|2 fast
|0 (OCoLC)fst01365096
|
| 650 |
|
0 |
|a Signal processing
|x Digital techniques
|x Data processing.
|
| 650 |
|
7 |
|a TECHNOLOGY & ENGINEERING
|x Mechanical.
|2 bisacsh
|
| 650 |
|
7 |
|a Signal processing
|x Digital techniques
|x Data processing.
|2 fast
|0 (OCoLC)fst01118288
|
| 655 |
|
4 |
|a Electronic books.
|
| 655 |
|
0 |
|a Electronic books.
|
| 700 |
1 |
|
|a Charbit, Maurice,
|e author.
|
| 776 |
0 |
8 |
|i Print version:
|a Blanchet, Gerard, author.
|s Signaux et images sous Matlab. English.
|t Digital signal and image processing using MATLAB. Volume 1, Fundamentals.
|b Revised and updated 2nd edition
|z 9781848216402
|w (DLC) 2014942418
|w (OCoLC)884551247
|
| 830 |
|
0 |
|a Digital signal and image processing series.
|
| 856 |
4 |
0 |
|u https://doi.org/10.1002/9781118999554
|z Full Text via HEAL-Link
|
| 994 |
|
|
|a 92
|b DG1
|